| 000 | 00623nam a2200181Ia 4500 | ||
|---|---|---|---|
| 008 | 151018s9999 xx 000 0 und d | ||
| 082 |
_bRBASDV50719 _a370 |
||
| 100 | _aनर्मदा इंदूरखा | ||
| 245 | _aउपभोक्ता संरक्षण | ||
| 250 | _b1 | ||
| 260 |
_bशुभा साहित्य _c2009 |
||
| 300 | _a16 | ||
| 600 | _aनर्मदा इंदूरखा | ||
| 630 | _aउपभोक्ता संरक्षण | ||
| 700 | _aनर्मदा इंदूरखा | ||
| 730 | _aउपभोक्ता संरक्षण | ||
| 942 | _cBOOK | ||
| 999 |
_c1049676 _d1049673 |
||